000 00276nam a2200121Ia 4500
008 190216s9999||||xx |||||||||||||| ||und||
100 _aAbhith Surati
245 0 _aHindi-Lambaghi
260 _bChethan Sahithya Mandir
_c2007
300 _a110
650 _aHindi
942 _cBK
999 _c16508
_d16508